000 00570nam a2200229Ia 4500
003 OSt
005 20221005120816.0
006 a|||||r|||| 00| 0
007 ta
008 221004b |||||||| |||| 00| 0 eng d
024 _a64121
037 _cTextual
040 _aCRL
_cCRL
_beng
041 _2eng
_aeng
082 _aW:72x, K1
100 _aHamilton Alexander etc
_9629678
245 0 _aFederalist papers
260 _c1961
650 _aPOLITICAL SCIENCE
942 _hW:72x, K1
_cTEXL
_2cc
999 _c1039201
_d1039201